Whither North Africa. (Record no. 413077)

000 -LEADER
fixed length control field 00364cam a22001217a 4500
008 - FIXED-LENGTH DATA ELEMENTS--GENERAL INFORMATION
fixed length control field 180718b1957 xxu||||| |||| 00| 0 eng d
082 ## - DEWEY DECIMAL CLASSIFICATION NUMBER
Classification number A6x61 Z61
100 ## - MAIN ENTRY--PERSONAL NAME
Personal name Ziadeh, Nicola A.
245 ## - TITLE STATEMENT
Title Whither North Africa.
Statement of responsibility, etc. by Nicola A. Ziadeh
260 ## - PUBLICATION, DISTRIBUTION, ETC.
Place of publication, distribution, etc. Aligarh
Name of publisher, distributor, etc. Institute Of Islamic Studies
Date of publication, distribution, etc. 1957
300 ## - PHYSICAL DESCRIPTION
Extent 79p
650 ## - SUBJECT ADDED ENTRY--TOPICAL TERM
Topical term or geographic name entry element Africa, North -Politics and government.
Holdings
Withdrawn status Lost status Damaged status Not for loan Permanent Location Current Location Date acquired Full call number Barcode Date last seen Price effective from Koha item type
        Indian Institute of Public Administration Indian Institute of Public Administration 2009-02-10 A6x61 Z61 36774 2018-07-21 2018-07-21 Book

Powered by Koha